Applied Electronic Engineering with Mathematica / (Record no. 175549)
[ view plain ]
| 000 -LEADER | |
|---|---|
| fixed length control field | 01048 a2200229 4500 |
| 003 - CONTROL NUMBER IDENTIFIER | |
| control field | Nust |
| 005 - DATE AND TIME OF LATEST TRANSACTION | |
| control field | 20220803122624.0 |
| 010 ## - LIBRARY OF CONGRESS CONTROL NUMBER | |
| LC control number | 93033040 |
| 020 ## - INTERNATIONAL STANDARD BOOK NUMBER | |
| International Standard Book Number | 0201534770 (package) |
| 020 ## - INTERNATIONAL STANDARD BOOK NUMBER | |
| International Standard Book Number | 0201826895 (bk.) |
| 020 ## - INTERNATIONAL STANDARD BOOK NUMBER | |
| International Standard Book Number | 0201942526 (disk) |
| 040 ## - CATALOGING SOURCE | |
| Transcribing agency | Nust |
| 082 00 - DEWEY DECIMAL CLASSIFICATION NUMBER | |
| Classification number | 621.302855369,RID |
| 100 1# - MAIN ENTRY--PERSONAL NAME | |
| Personal name | Riddle, Alfred. |
| 9 (RLIN) | 96409 |
| 245 10 - TITLE STATEMENT | |
| Title | Applied Electronic Engineering with Mathematica / |
| Statement of responsibility, etc. | Alfred Riddle, Samuel Dick. |
| 260 ## - PUBLICATION, DISTRIBUTION, ETC. | |
| Place of publication, distribution, etc. | Reading, Mass. : |
| Name of publisher, distributor, etc. | Addison-Wesley, |
| Date of publication, distribution, etc. | c1995. |
| 300 ## - PHYSICAL DESCRIPTION | |
| Extent | xv, 375 p. : |
| Other physical details | ill. ; |
| Dimensions | 24 cm.+ |
| Accompanying material | 1 computer disk (3 1/2 in.) |
| 505 ## - FORMATTED CONTENTS NOTE | |
| Formatted contents note | Groundwork (Page-1), DC Circuits (Page-21), Introduction (Page-61), Small-Signal Circuits II: Multiport Analysis (Page-99), Component Design and Sensitivity Analysis (Page-133), Time Series and Spectral Analysis (Page-153), s-Domain (Laspace) Analysis (Page-171), Filter Design (Page-189), High-Frequency Circuits and Analysis (Page-245), Noise Analysis (Page-285). |
| 650 #0 - SUBJECT ADDED ENTRY--TOPICAL TERM | |
| Topical term or geographic name entry element | Telecommunication Engineering. |
| 700 1# - ADDED ENTRY--PERSONAL NAME | |
| Personal name | Dick, Samuel. |
| 9 (RLIN) | 96410 |
| 942 ## - ADDED ENTRY ELEMENTS (KOHA) | |
| Koha item type | Reference |
| Source of classification or shelving scheme | |
| Withdrawn status | Lost status | Source of classification or shelving scheme | Damaged status | Not for loan | Permanent Location | Current Location | Shelving location | Date acquired | Full call number | Barcode | Date last seen | Price effective from | Koha item type | Public note |
|---|---|---|---|---|---|---|---|---|---|---|---|---|---|---|
| Military College of Signals (MCS) | Military College of Signals (MCS) | Reference | 12/12/2016 | 621.302855369,RID | MCS27127 | 12/08/2016 | 12/12/2016 | Reference | Almirah No.20, Shelf No.3 |
